Glosario teosófico

Bewaard in:
Bibliografische gegevens
Hoofdauteur: Blavatsky, H. P. Blavatsky, Helena Petrovna
Formaat: Boek
Taal:Undetermined
Gepubliceerd in: Buenos Aires, Argentina Editorial GLEM 1957
Onderwerpen:
Tags: Voeg label toe
Geen labels, Wees de eerste die dit record labelt!

MARC

LEADER 00000nam a2200000Ia 4500
008 170316s9999 xx 000 0 und d
040 |a cru BVZT 
090 |a R-413 B-1g ESP 
100 |a Blavatsky, H. P.  |q Blavatsky, Helena Petrovna 
245 |a Glosario teosófico  |c Helena Petrovna Blavatsky ; Roviracta Borrell, traductor 
260 |a Buenos Aires, Argentina 
260 |b Editorial GLEM 
260 |c 1957 
300 |a 903 páginas 
650 0 |a REFERENCIA  |9 27 
650 0 |a GLOSARIO  |9 73 
650 0 |a TEOSOFÍA  |9 74 
942 |c REF  |2 z 
999 |c 14931  |d 14931